000 00499nam a2200205 a 4500
001 BS0001483
003 BR-BrBNA
005 20230905140609.0
008 230308b |||||||| |||| 00| 0 por d
040 _aBR-BrBNA
_bpor
_cBiblioteca Nacional de Agricultura
041 _apor
072 _aS85
090 _aS85 BS0001483
100 1 _aKhashoggi, Soheir.
245 1 _aMosaico /
260 3 _aSão Paulo:
_bArx,
_c2006.
300 _a383 p.
650 _aLITERATURA AMERICANA
942 _cBK
_2AGRIS
999 _c6543
_d6543